000 004580000a22001810004500
003 MACL
005 20150814151442.0
008 150814b xxu||||| |||| 00| 0 eng d
040 _aMACL
_cMACL
041 _aEnglish
082 _a500/KHA
100 _aKhanna, D R
_95644
245 _aLaboratory Manual of Water and Wastewater Analysis
260 _bDaya Publishing House
_c2008
_aDelhi
350 _a600
650 _aScience
_95645
942 _cBK
_k500
_2ddc
999 _c8859
_d8859